000 01306nam a2200325 c 4500
999 _c168367
_d168367
003 BLK
005 20240227005321.0
008 180411b bul|||||r ||||||| ||bul||
010 _aKNG00176255000
040 _aBLK
041 _aBUL
_cBUL
080 _aБългарска литература
_b821.163.2
_x-4
_z821.163.2-4
100 1 _aКаранфилов, Ефрем Спиров
_d1915-1998
_gЕсеист и публицист, литературен критик
_976829
139 _aКаранфилов, Ефрем Спиров
_bК 34
245 1 0 _aМинало и съвременност
_bЕсета
_cЕфрем Спиров Каранфилов.
257 _aBGR
260 _aСофия
_bОФ
_c1972
300 _a336 с.
_c20 см
380 _aX
500 _a8 100 тир. Съдържа разделите: Родината - вчера и днес. В скритите гънки на ежедневието и Из бележника на критика
653 _aесета
852 _aЦб 63041
_bЦб
856 4 _qpdf
856 4 _qpdf
942 _cKNG
_n0
_s1
944 _aCR
_c02.06.2015
_lCRON CRON
_k
944 _aED
_c11.09.2017
_lф /
_kПенка_Димитрова
944 _aED
_c2022-07-29
_kВП
999 _d168367